书目信息 |
| 题名: |
建筑的故事
|
|
| 作者: | 纳特金斯, 著 ;杨惠君 译 | |
| 分册: | ||
| 出版信息: | 长沙 湖南美术出版社 2021.10 |
|
| 页数: | 471页 | |
| 开本: | 25cm | |
| 丛书名: | ||
| 单 册: | ||
| 中图分类: | TU-091 | |
| 科图分类: | ||
| 主题词: | 建筑史--jian zhu shi--世界--普及读物 | |
| 电子资源: | ||
| ISBN: | 978-7-5356-9541-3 | |
| 000 | 01139nam0 2200277 450 | |
| 001 | 29364 | |
| 005 | 20221017144937.82 | |
| 010 | @a978-7-5356-9541-3@b精装@dCNY298.00 | |
| 100 | @a20211110d2021 em y0chiy50 ea | |
| 101 | 1 | @achi@ceng |
| 102 | @aCN@b430000 | |
| 105 | @aa a 001yy | |
| 200 | 1 | @a建筑的故事@Ajian zhu de gu shi@d= The story of architecture@f(英) 帕特里克·纳特金斯著@g杨惠君等译@zeng |
| 210 | @a长沙@c湖南美术出版社@d2021.10 | |
| 215 | @a471页@c彩图@d25cm | |
| 300 | @a后浪 | |
| 320 | @a有书目 (第450-453页) 和索引 | |
| 330 | @a本书介绍世界各地各个历史时期、各种建筑风格的建筑作品, 同时配有极其丰富的图片以助理解。对具有代表性、有重大影响的建筑, 从起源、发展走向、构造、特征及其设计师几个方面作了较为详细的介绍。时间跨度数千年, 地域分布5大洲。书中有大量实物照片和细部构造特写, 同时附有专业名词解释。 | |
| 500 | 10 | @aStory of architecture@mChinese |
| 606 | 0 | @a建筑史@Ajian zhu shi@y世界@j普及读物 |
| 690 | @aTU-091@v5 | |
| 701 | 1 | @a纳特金斯,@Ana te jin si@b帕特里克@4著 |
| 702 | 0 | @a杨惠君@Ayang hui jun@4译 |
| 801 | 0 | @aCN@c20220910 |
| 905 | @a河南城建学院图书馆@dTU-091@eN040@f1 | |
| 962 | @a7283657 | |
| 建筑的故事= The story of architecture/(英) 帕特里克·纳特金斯著/杨惠君等译.-长沙:湖南美术出版社,2021.10 |
| 471页:彩图;25cm |
| 后浪 |
| ISBN 978-7-5356-9541-3(精装):CNY298.00 |
| 本书介绍世界各地各个历史时期、各种建筑风格的建筑作品, 同时配有极其丰富的图片以助理解。对具有代表性、有重大影响的建筑, 从起源、发展走向、构造、特征及其设计师几个方面作了较为详细的介绍。时间跨度数千年, 地域分布5大洲。书中有大量实物照片和细部构造特写, 同时附有专业名词解释。 |
| ● |
| 相关链接 |
|
|
|
正题名:建筑的故事
索取号:TU-091/N040
 
预约/预借
| 序号 | 登录号 | 条形码 | 馆藏地/架位号 | 状态 | 备注 |
| 1 | 1582898 | 215828987 | 建筑库101/101建筑库 4排2列2层/ [索取号:TU-091/N040] | 在馆 |